MARC details
| 000 -LÍDER |
| campo de controle de tamanho fixo |
01275nam a22003737a 4500 |
| 001 - NÚMERO DE CONTROLE |
| campo de controle |
BR8101964 |
| 003 - IDENTIFICADOR DO NÚMERO DE CONTROLE |
| campo de controle |
BR-BrBNA |
| 005 - DATA E HORÁRIO DA ÚLTIMA TRANSAÇÃO |
| campo de controle |
20230928090936.0 |
| 007 - CAMPO FIXO DE DESCRIÇÃO FÍSICA--INFORMAÇÃO GERAL |
| campo de controle de tamanho fixo |
ta |
| 008 - CAMPO DE DADOS FIXOS--INFORMAÇÃO GERAL |
| campo de controle de tamanho fixo |
230509b bl.||||| |||| 00| 0 por d |
| 040 ## - FONTE DA CATALOGAÇÃO |
| Instituição da catalogação original |
BR-BrBNA |
| Idioma da catalogação |
por |
| Instituição que transcreveu o registro |
Biblioteca Nacional de Agricultura |
| 041 ## - CÓDIGO DE IDIOMA |
| Código do idioma do texto/trilha sonora ou título diferente |
(Por) |
| 072 ## - CÓDIGO DE CATEGORIA DE ASSUNTO |
| Código de Categoria de Assunto |
E15; L00 |
| Código do objeto |
9410 |
| -- |
/G515 |
| 090 ## - NÚMERO DE CHAMADA LOCAL |
| -- |
9410 BR8101964 |
| 100 1# - ENTRADA PRINCIPAL--NOME PESSOAL |
| Nome pessoal |
Costa, B.A. |
| 110 1# - ENTRADA PRINCIPAL--NOME CORPORATIVO |
| Nome corporativo ou nome da jurisdição |
Escola Superior de Agricultura de Lavras, MG (Brasil) |
| Grau Universitário |
Tese (Mestrado) |
| 245 1# - TÍTULO |
| Título |
Aspectos tecnicos e economicos administrativos e de comunicacao associadas a produtividade de leite na regiao de Feira de Santana-Bahia [Brasil] |
| 246 1# - FORMA VARIANTE DO TÍTULO |
| Título/título abreviado |
[Technical, economic, administrative and communication aspects associated to milk productiveness in the area of Feira de Santana-Bahia [Brazil]] |
| 260 3# - PUBLICAÇÃO, DISTRIBUIÇÃO, ETC. |
| Local de publicação, distribuição, etc. |
Lavras, MG (Brasil): |
| Data da publicação, distribuição, etc. |
1980. |
| 300 ## - DESCRIÇÃO FÍSICA |
| Extensão |
81 p. |
| 500 ## - NOTA GERAL |
| Nota geral |
24 tables; Summaries (Eng, Por); 34 ref. |
| 650 ## - ASSUNTO--TERMO TÓPICO |
| Cabeçalho tópico ou nome geográfico |
Microeconomia |
| 650 ## - ASSUNTO--TERMO TÓPICO |
| Cabeçalho tópico ou nome geográfico |
Producao animal |
| 650 ## - ASSUNTO--TERMO TÓPICO |
| Cabeçalho tópico ou nome geográfico |
Leite |
| 650 ## - ASSUNTO--TERMO TÓPICO |
| Cabeçalho tópico ou nome geográfico |
Economia agricola |
| 650 ## - ASSUNTO--TERMO TÓPICO |
| Cabeçalho tópico ou nome geográfico |
Economia da producao |
| 650 ## - ASSUNTO--TERMO TÓPICO |
| Cabeçalho tópico ou nome geográfico |
Administracao rural |
| 650 ## - ASSUNTO--TERMO TÓPICO |
| Cabeçalho tópico ou nome geográfico |
Comunicacao |
| 650 ## - ASSUNTO--TERMO TÓPICO |
| Cabeçalho tópico ou nome geográfico |
Rendimento |
| 650 ## - ASSUNTO--TERMO TÓPICO |
| Cabeçalho tópico ou nome geográfico |
Feira de Santana |
| 650 ## - ASSUNTO--TERMO TÓPICO |
| Cabeçalho tópico ou nome geográfico |
Bahia |
| 909 ## - |
| -- |
202309 |
| -- |
Lucia |
| -- |
55 |
| -- |
Lucia Elande |
| 942 ## - ELEMENTOS DE ENTRADA ADICIONADOS (KOHA) |
| Tipo de material Koha |
Livros |